The eagle of the ninth

Bibliographic Details
Main Author: Sutcliff, Rosemary
Other Authors: Escott, John
Format: Book
Language:English
Published: Oxford Oxford University Press 2000
Series:Oxford bookworms library
Subjects:
LEADER 00602cam a2200193 a 4500
001 0000132078
005 20120523090000.0
040 |a mod 
041 |a eng 
020 |a 0194230333 
090 0 0 |a FK  |b SUT  |e 2000  
100 1 |a Sutcliff, Rosemary 
245 1 0 |a The eagle of the ninth  |c Rosemary Sutcliff  |f retold by John Escott 
260 |a Oxford  |b Oxford University Press  |c 2000 
300 |a 88 p.  |b ill.  |c 20 cm 
490 0 |a Oxford bookworms library  |x Stage 4  |x Thriller & adventure 
650 0 0 |a English fiction 
700 1 |a Escott, John 
999 |a B000017772  |b IJED  |d BOOKS  |e Fiksyen (F)  |f 4 DIV  |j AVAILABLE  |q GOOD CONDITION